000 00401nam a2200157Ia 4500
003 GCL
008 140319s9999 xx 000 0 eng d
040 _aGCL /
_cGCL
082 0 4 _aCH
_b823.087
_bF A
100 1 _aFRYER, GEORGE
245 1 0 _aTHE MERRY ANIMAL STORY BOOK /
_cFRYER, GEORGE
260 _a[S.N] :
_bPETER HODDOCK PUBLISHING
650 0 4 _aLITERATURE
650 0 4 _aTALES
942 _2ddc
_cBK
999 _c17985
_d17985